Completar la escuela en Centroamérica. Los desafíos pendientes, resumen ejecutivo. (Informe analítico basado en la información de los años 2010/2011 de la Serie Regional de Indicadores Educativos sobre Fracaso Escolar de la Coordinación Educativa y Cultural Centroamericana CECC (Record no. 10914)
[ view plain ]
| 000 -LEADER | |
|---|---|
| campo de control de longitud fija | 00628nam a2200133Ia 4500 |
| 001 - NÚMERO DE CONTROL | |
| campo de control | 3600 |
| 008 - DATOS DE LONGITUD FIJA--INFORMACIÓN GENERAL | |
| campo de control de longitud fija | 241024s9999 xx 000 0 und d |
| 082 ## - NÚMERO DE LA CLASIFICACIÓN DECIMAL DEWEY | |
| Número de clasificación | 372.72/C778c |
| 100 ## - ENTRADA PRINCIPAL--NOMBRE DE PERSONA | |
| Nombre de persona | Coordinación Educativa y Cultural Centroamericana, CECC/SICA/UNICEF |
| 245 #0 - MENCIÓN DEL TÍTULO | |
| Título | Completar la escuela en Centroamérica. Los desafíos pendientes, resumen ejecutivo. (Informe analítico basado en la información de los años 2010/2011 de la Serie Regional de Indicadores Educativos sobre Fracaso Escolar de la Coordinación Educativa y Cultural Centroamericana CECC |
| 260 ## - PUBLICACIÓN, DISTRIBUCIÓN, ETC. | |
| Nombre del editor, distribuidor, etc. | Belise |
| Fecha de publicación, distribución, etc. | 2013 |
| 901 ## - ELEMENTOS DE DATOS A LOCAL LDA (RLIN) | |
| a | 9/1/2014 2:32:08 p.m. |
No items available.